00369 a2200109 4500001001000000005001700010008004100027245008700068100001900155700002400174773006100198ART_5012920260410161945.0260409a 10aReflexiones sobre la "conciliación" como modo de resolver los litigios laborales1 aFera, Mario S.1 aCouceyro, Karina V.0 tTemas de derecho laboralg- N° 11 (nov. 2019)wREV27619